[Event "Frankfurt Ch 2012"]
[Site "Ffm-Kalbach, LAZ"]
[Date "2012.04.30"]
[Round "1.29"]
[White "Hierling, Stefan"]
[Black "Midanka, Vladimir"]
[Result "1-0"]
[WhiteElo "1954"]
[BlackElo "1619"]
[PlyCount "155"]
[EventDate "2012.??.??"]
[WhiteTeam "VSG 1880 Offenbach"]
[BlackTeam "vereinslos"]

1. e4 e5 2. Nf3 Nc6 3. Bc4 Nf6 4. Nc3 Be7 5. a3 d6 6. h3 O-O 7. Qe2 Nd4 8. Qd3
Ne6 9. b4 Nf4 10. Qf1 Nxe4 11. Nxe4 d5 12. Bxd5 Qxd5 13. Nc3 Qe6 14. Bb2 a6 15.
Ng1 Qg6 16. O-O-O Qxg2 17. Qxg2 Nxg2 18. Nd5 Bd6 19. Nf3 Nf4 20. Nxf4 exf4 21.
Rdg1 f6 22. c4 c5 23. Bc3 b5 24. h4 cxb4 25. axb4 bxc4 26. Nd4 Bd7 27. Rg2 Rab8
28. Rhg1 Rf7 29. Kc2 Kf8 30. Ra1 Bxb4 31. Rxa6 Bxc3 32. Kxc3 Bc8 33. Ra4 Bb7
34. Rg4 f3 35. Rxc4 Ba6 36. Rc5 Be2 37. Rf4 Rd7 38. Re4 Re8 39. Rxe8+ Kxe8 40.
Rc8+ Kf7 41. Rc6 g6 42. Ne6 h6 43. d4 g5 44. hxg5 hxg5 45. Nc5 Rd5 46. Ne4 Ke7
47. Nxf6 Rf5 48. Ne4 g4 49. Kd2 Ra5 50. Ke3 Ra3+ 51. Kf4 Ra4 52. Ke5 Ra5+ 53.
d5 Rb5 54. Rc7+ Kd8 55. Rg7 Bd3 56. Nf6 Bc2 57. Nxg4 Bb3 58. Ne3 Bxd5 59. Nxd5
Rb2 60. Rg8+ Kd7 61. Nf6+ Ke7 62. Ng4 Kf7 63. Rd8 Rb3 64. Ke4 Ke7 65. Rd3 Rb4+
66. Kxf3 Ke6 67. Ne3 Rb8 68. Ra3 Rf8+ 69. Ke2 Ke5 70. Ra5+ Ke4 71. f3+ Kd4 72.
Rd5+ Kc3 73. Rd3+ Kb4 74. Nf1 Re8+ 75. Kd2 Kc4 76. Ne3+ Kc5 77. f4 Rg8 78. f5
1-0

[Event "Frankfurt Ch 2012"]
[Site "Ffm-Kalbach, LAZ"]
[Date "2012.04.30"]
[Round "1.30"]
[White "Zerhusen, Martin"]
[Black "Kulenovic, Adnan"]
[Result "0-1"]
[WhiteElo "1610"]
[BlackElo "1949"]
[PlyCount "70"]
[EventDate "2012.??.??"]
[WhiteTeam "SV Oberursel"]
[BlackTeam "SK Springer Rodenbach"]

1. d4 e5 2. d5 f5 3. c4 Bc5 4. e3 Nf6 5. Nc3 O-O 6. Nf3 d6 7. Na4 Bb4+ 8. Bd2
Bxd2+ 9. Qxd2 Qe8 10. Nc3 Ne4 11. Qc2 Na6 12. a3 Nxc3 13. Qxc3 Nc5 14. Nd2 Qg6
15. f3 a6 16. O-O-O Rb8 17. b4 Nd7 18. Nb3 Nf6 19. Kb2 Bd7 20. Rg1 e4 21. f4
Qh5 22. Qe1 Qxh2 23. Be2 Qh6 24. Rh1 Qg6 25. Qf2 Ng4 26. Bxg4 fxg4 27. g3 Qf6+
28. Kc2 Rbc8 29. Qd2 c6 30. dxc6 Rxc6 31. Na5 Rb6 32. Kb3 Qf5 33. Qd4 Qxa5 34.
Qxe4 Ba4+ 35. Kc3 Qf5 0-1

[Event "Frankfurt Ch 2012"]
[Site "Ffm-Kalbach, LAZ"]
[Date "2012.04.30"]
[Round "1.31"]
[White "Tierling, Detlef"]
[Black "Balzereit, Georg"]
[Result "1-0"]
[WhiteElo "1942"]
[BlackElo "1607"]
[PlyCount "43"]
[EventDate "2012.??.??"]
[WhiteTeam "SC Groß-Umstadt"]
[BlackTeam "vereinslos"]

1. f4 d5 2. Nf3 c5 3. b3 Nf6 4. Bb2 Nc6 5. e3 Bg4 6. Bb5 a6 7. Bxc6+ bxc6 8.
O-O e6 9. d3 Bd6 10. Nbd2 O-O 11. Qe1 Nd7 12. Qg3 Nf6 13. Bxf6 gxf6 14. Qxg4+
Kh8 15. Qh5 Qc7 16. Nh4 Rg8 17. Rf3 Rg7 18. Rh3 Rag8 19. Rf1 Qa5 20. Rf2 Qxa2
21. Nf1 Qb1 22. f5 1-0

[Event "Frankfurt Ch 2012"]
[Site "Ffm-Kalbach, LAZ"]
[Date "2012.04.30"]
[Round "1.32"]
[White "Günther, Rainer"]
[Black "Rutsatz, Mario"]
[Result "1/2-1/2"]
[WhiteElo "1603"]
[BlackElo "1939"]
[PlyCount "100"]
[EventDate "2012.??.??"]
[WhiteTeam "SV Mainz-Mombach"]
[BlackTeam "Sfr. Frankfurt 1921"]

1. e4 c5 2. Nf3 d6 3. d4 cxd4 4. Nxd4 Nf6 5. Nc3 a6 6. Bc4 e6 7. Be3 b5 8. Bd3
b4 9. Nce2 Bb7 10. f3 d5 11. e5 Nfd7 12. f4 Qc7 13. Ng3 Nc6 14. Qh5 Nxd4 15.
Bxd4 g6 16. Qf3 Bc5 17. Qe3 Bxd4 18. Qxd4 Qc5 19. Ne2 Qxd4 20. Nxd4 Ke7 21. Kf2
Nc5 22. Ke3 Rhc8 23. Rhc1 f6 24. exf6+ Kxf6 25. g4 a5 26. g5+ Ke7 27. Re1 Ba6
28. Bxa6 Rxa6 29. Kd2 Ne4+ 30. Kd3 a4 31. Rac1 a3 32. bxa3 Rc3+ 33. Ke2 Raxa3
34. Kf1 Rxa2 35. Ra1 b3 36. cxb3 Rxh2 37. Ra7+ Ke8 38. Rea1 Rh1+ 39. Kg2 Rxa1
40. Rxa1 Kd7 41. Ra7+ Rc7 42. Rxc7+ Kxc7 43. Nxe6+ Kd6 44. Nf8 d4 45. Kf3 d3
46. Nxh7 Nd2+ 47. Ke3 Nxb3 48. Kxd3 Nc5+ 49. Ke3 Nd7 50. Kd4 Ke6 1/2-1/2

[Event "Frankfurt Ch 2012"]
[Site "Ffm-Kalbach, LAZ"]
[Date "2012.04.30"]
[Round "1.34"]
[White "Muthig, Holger"]
[Black "Mager, Denis"]
[Result "0-1"]
[WhiteElo "1599"]
[BlackElo "1924"]
[PlyCount "64"]
[EventDate "2012.??.??"]
[WhiteTeam "Sfr. Frankfurt 1921"]
[BlackTeam "SAbt TuS Makkabi Ffm"]

1. d4 d5 2. c4 c6 3. Nc3 Nf6 4. Nf3 e6 5. Bg5 Be7 6. e3 O-O 7. Bd3 Nbd7 8. O-O
h6 9. Bh4 a6 10. c5 Re8 11. Bg3 Nh5 12. Nd2 Nxg3 13. hxg3 e5 14. Bf5 Bf6 15.
Nb3 g6 16. Bxd7 Bxd7 17. dxe5 Bxe5 18. Nd4 h5 19. b4 h4 20. g4 Qc8 21. f3 a5
22. Na4 Bc7 23. Nb6 Bxb6 24. cxb6 axb4 25. Nc2 Qd8 26. Qd4 Qe7 27. Kf2 c5 28.
Qxd5 Ba4 29. Rfc1 Rad8 30. Qc4 Rd2+ 31. Kf1 h3 32. gxh3 Qh4 0-1

[Event "Frankfurt Ch 2012"]
[Site "Ffm-Kalbach, LAZ"]
[Date "2012.04.30"]
[Round "1.35"]
[White "Wagner, Dirk"]
[Black "Steiz, Johann"]
[Result "1-0"]
[WhiteElo "1922"]
[BlackElo "1598"]
[PlyCount "77"]
[EventDate "2012.??.??"]
[WhiteTeam "SC Matt im Park Ffm"]
[BlackTeam "ESV Grossenbaum e.V. 1973"]

1. c4 c5 2. Nf3 Nc6 3. g3 g6 4. Bg2 Bg7 5. Nc3 e6 6. O-O Nge7 7. d3 d5 8. cxd5
Nxd5 9. Ne4 b6 10. Bg5 Qd7 11. Qc1 f5 12. Nc3 O-O 13. h4 Bb7 14. h5 Qf7 15.
hxg6 hxg6 16. Nb5 Qd7 17. Bh6 a6 18. Nc3 Nd4 19. Bxg7 Qxg7 20. Nxd4 cxd4 21.
Nxd5 exd5 22. Qf4 Rfe8 23. Rac1 Rac8 24. Qd6 Qf7 25. Qxb6 Rxe2 26. Rxc8+ Bxc8
27. Qd8+ Re8 28. Qh4 f4 29. gxf4 Re2 30. Qd8+ Re8 31. Qd6 Bb7 32. Rc1 Re7 33.
Bf3 Re6 34. Qd8+ Re8 35. Qg5 Kg7 36. Kg2 Re7 37. Rh1 Rc7 38. Qe5+ Kg8 39. Qh8#
1-0

[Event "Frankfurt Ch 2012"]
[Site "Ffm-Kalbach, LAZ"]
[Date "2012.04.30"]
[Round "1.36"]
[White "Bock, Mario"]
[Black "Faqiry, Ramat"]
[Result "0-1"]
[WhiteElo "1598"]
[BlackElo "1908"]
[PlyCount "50"]
[EventDate "2012.??.??"]
[WhiteTeam "Sfr. Frankfurt 1921"]
[BlackTeam "SK Bad Homburg 1927"]

1. e4 c5 2. Nf3 Nc6 3. d4 cxd4 4. Nxd4 Qb6 5. Nxc6 dxc6 6. Nc3 e5 7. Bd3 Nf6 8.
h3 Be7 9. Rb1 O-O 10. Be3 Qc7 11. O-O Be6 12. Qe2 Nd7 13. Bc4 Bxc4 14. Qxc4 Nf6
15. a4 a5 16. Rbd1 Rad8 17. f3 Qb8 18. Rd3 Rxd3 19. cxd3 Qc8 20. d4 exd4 21.
Bxd4 Rd8 22. Bb6 Rd2 23. b3 Bb4 24. e5 Nd7 25. Bd4 Rxd4 0-1

[Event "Frankfurt Ch 2012"]
[Site "Ffm-Kalbach, LAZ"]
[Date "2012.04.30"]
[Round "1.37"]
[White "Göbel, Andreas"]
[Black "Riha, Peter"]
[Result "1-0"]
[WhiteElo "1895"]
[BlackElo "1592"]
[PlyCount "77"]
[EventDate "2012.??.??"]
[WhiteTeam "SC Brett vor'm Kopp Ffm"]
[BlackTeam "SC Bergen-Enkheim 1922"]

1. Nf3 d5 2. g3 Nf6 3. Bg2 c6 4. O-O Bg4 5. d4 e6 6. Nbd2 Be7 7. c4 O-O 8. b3
Nbd7 9. Bb2 h6 10. Re1 Bf5 11. Ne5 Ne4 12. Nxe4 Bxe4 13. Bxe4 dxe4 14. Qc2 Nf6
15. e3 Qa5 16. a3 Rfd8 17. b4 Qb6 18. Bc3 Rac8 19. Red1 Qc7 20. Rd2 Kf8 21.
Rad1 Kg8 22. h3 Bf8 23. Bb2 Qe7 24. c5 Rd5 25. Kg2 Qc7 26. a4 a6 27. Bc3 Rdd8
28. Rb1 Nd5 29. Rb3 f5 30. Rd1 Be7 31. Rdb1 Bf6 32. Nc4 Rb8 33. b5 Nxc3 34.
Qxc3 axb5 35. axb5 Kh7 36. Qa5 Qxa5 37. Nxa5 cxb5 38. Rxb5 e5 39. Nc6 1-0

[Event "Frankfurt Ch 2012"]
[Site "Ffm-Kalbach, LAZ"]
[Date "2012.04.30"]
[Round "1.38"]
[White "Sallwey, Rainer"]
[Black "Zimmer, Gerald"]
[Result "0-1"]
[WhiteElo "1561"]
[BlackElo "1888"]
[PlyCount "38"]
[EventDate "2012.??.??"]
[WhiteTeam "SK Langen"]
[BlackTeam "SC Bergen-Enkheim 1922"]

1. e4 e6 2. d4 d5 3. exd5 exd5 4. Bd3 Nc6 5. c3 Bd6 6. Nf3 Bg4 7. O-O Nge7 8.
h3 Bh5 9. Be3 Qd7 10. Nbd2 f6 11. Qa4 g5 12. Ne1 Ng6 13. f3 Nge7 14. a3 Bg6 15.
Qc2 Qe6 16. Bf2 O-O-O 17. Nb3 Nf5 18. Qd2 Bf4 19. Qe2 Qd6 0-1

[Event "Frankfurt Ch 2012"]
[Site "Ffm-Kalbach, LAZ"]
[Date "2012.04.30"]
[Round "1.39"]
[White "Geringer, Waldemar"]
[Black "Mehl, Ulrich"]
[Result "1-0"]
[WhiteElo "1885"]
[BlackElo "1553"]
[PlyCount "79"]
[EventDate "2012.??.??"]
[WhiteTeam "SSg Rödermark/Eppertshausen"]
[BlackTeam "SAbt TSG Nieder-Erlenbach 1888"]

1. d4 d5 2. c4 e6 3. g3 Nf6 4. Nf3 c5 5. Bg2 Nc6 6. cxd5 exd5 7. dxc5 Bxc5 8.
O-O O-O 9. Qc2 Qe7 10. Bg5 Bb6 11. Nc3 Be6 12. e4 Nb4 13. Qd2 dxe4 14. Nxe4
Nbd5 15. Nxf6+ Nxf6 16. Qf4 Rfd8 17. a3 Rac8 18. Rac1 a6 19. Rfe1 Ba7 20. Nh4
Rxc1 21. Qxc1 Qd7 22. Qf4 Qd4 23. Qxd4 Bxd4 24. b4 b5 25. Bb7 Bc8 26. Bxc8 Rxc8
27. Nf5 Rd8 28. Nxd4 Rxd4 29. Rc1 Re4 30. f4 h6 31. Bxf6 gxf6 32. Kf2 f5 33.
Rc5 Kg7 34. Rxf5 Rc4 35. Rc5 Rxc5 36. bxc5 Kf6 37. Ke3 Ke6 38. Kd4 f5 39. g4
fxg4 40. f5+ 1-0

[Event "Frankfurt Ch 2012"]
[Site "Ffm-Kalbach, LAZ"]
[Date "2012.04.30"]
[Round "1.40"]
[White "Kletzerman, Simon"]
[Black "Busic, Nedjeljko"]
[Result "0-1"]
[WhiteElo "1546"]
[BlackElo "1883"]
[PlyCount "40"]
[EventDate "2012.??.??"]
[WhiteTeam "SAbt TuS Makkabi Ffm"]
[BlackTeam "SC Bad Nauheim"]

1. e4 g6 2. d4 d6 3. Nf3 Bg7 4. c3 Nf6 5. Bd3 O-O 6. O-O Nbd7 7. h3 e5 8. Be3
Nh5 9. Qd2 d5 10. Bh6 dxe4 11. Bxg7 exf3 12. Bxf8 fxg2 13. Re1 Nxf8 14. Rxe5
Bxh3 15. Qe3 Qh4 16. Re4 Bg4 17. Kxg2 Ne6 18. Nd2 Bh3+ 19. Kg1 Nhf4 20. Bc4 Bg2
0-1

[Event "Frankfurt Ch 2012"]
[Site "Ffm-Kalbach, LAZ"]
[Date "2012.04.30"]
[Round "1.41"]
[White "Stock, Jürgen"]
[Black "Knott, Tilo"]
[Result "1-0"]
[WhiteElo "1881"]
[BlackElo "1539"]
[PlyCount "75"]
[EventDate "2012.??.??"]
[WhiteTeam "SC Eschborn 1974"]
[BlackTeam "SC Brett vor'm Kopp Ffm"]

1. d4 f5 2. Nf3 g6 3. h3 Bg7 4. g4 d6 5. Bg2 c6 6. Nc3 Nh6 7. Bxh6 Bxh6 8. gxf5
Bxf5 9. e4 Be6 10. d5 Bf7 11. h4 Nd7 12. Ng5 Bxg5 13. hxg5 e6 14. dxe6 Bxe6 15.
Qxd6 Bg4 16. Qd4 Rf8 17. Rxh7 Qxg5 18. f3 Be6 19. Qd2 Qg3+ 20. Qf2 Qf4 21. Ne2
Qe5 22. O-O-O Qxe4 23. Rd4 Qe5 24. f4 O-O-O 25. Re4 Qa5 26. Nc3 Nf6 27. Ra4
Qxa4 28. Nxa4 Nxh7 29. Qxa7 Bg4 30. b3 Bd7 31. Nc5 Kc7 32. Qxb7+ Kd6 33. Ne4+
Ke7 34. Qc7 Rf5 35. Bh3 Rd5 36. c4 Rc8 37. Qb7 Rd4 38. Bxd7 1-0

[Event "Frankfurt Ch 2012"]
[Site "Ffm-Kalbach, LAZ"]
[Date "2012.04.30"]
[Round "1.42"]
[White "Fischer, Lutz"]
[Black "Schmitt, Roland"]
[Result "0-1"]
[WhiteElo "1530"]
[BlackElo "1878"]
[PlyCount "100"]
[EventDate "2012.??.??"]
[WhiteTeam "Sfr. Frankfurt 1921"]
[BlackTeam "SK Großsachsen"]

1. e4 c5 2. Nf3 d6 3. d4 cxd4 4. Nxd4 Nf6 5. Nc3 g6 6. Be3 Bg7 7. Bc4 O-O 8. f3
Nc6 9. O-O Bd7 10. Qd2 Rc8 11. Nde2 Re8 12. Rad1 Qa5 13. a3 Ne5 14. Bb3 b5 15.
Nd5 Qxd2 16. Rxd2 Nxd5 17. Bxd5 Nc4 18. Bxc4 bxc4 19. Bd4 Rb8 20. e5 dxe5 21.
Bxa7 Rb7 22. Bc5 Be6 23. Bb4 Bh6 24. f4 f5 25. Bc3 e4 26. Rfd1 Bg7 27. Nd4 Bf7
28. Bb4 Bh6 29. g3 e5 30. Nc6 exf4 31. Rd8 f3 32. Rxe8+ Bxe8 33. Rd8 e3 34.
Rxe8+ Kf7 35. Re7+ Rxe7 36. Bxe7 e2 37. Kf2 Be3+ 38. Ke1 Ke6 39. Bb4 Bg1 40.
Bc3 Kd5 41. Ne5 Ke4 42. Nxc4 g5 43. Nd6+ Kd5 44. Nxf5 Ke4 45. g4 Bxh2 46. Kf2
h5 47. Nd6+ Bxd6 48. gxh5 g4 49. Be1 g3+ 50. Kg1 Bc5+ 0-1

[Event "Frankfurt Ch 2012"]
[Site "Ffm-Kalbach, LAZ"]
[Date "2012.04.30"]
[Round "1.43"]
[White "Fußnecker, Manfred"]
[Black "Willenbring, Jens-Dirk"]
[Result "1/2-1/2"]
[WhiteElo "1876"]
[BlackElo "1522"]
[PlyCount "90"]
[EventDate "2012.??.??"]
[WhiteTeam "Sfr. Frankfurt 1921"]
[BlackTeam "Bad Vilbeler Sfr.1985"]

1. e4 c5 2. Nf3 Nc6 3. Bb5 g6 4. O-O Bg7 5. Re1 Nf6 6. Nc3 O-O 7. e5 Ne8 8. Nd5
Nc7 9. Bc4 Nxd5 10. Bxd5 Qc7 11. Qe2 e6 12. Bxc6 Qxc6 13. d4 b6 14. Bg5 d5 15.
Qe3 cxd4 16. Nxd4 Qc5 17. c3 Ba6 18. Bh6 Qe7 19. Rad1 Rac8 20. Nf3 Rc4 21. Rd4
Rfc8 22. Red1 Rxd4 23. Rxd4 Rc4 24. Bxg7 Kxg7 25. h4 Rxd4 26. Qxd4 Be2 27. Ng5
h6 28. Nh3 Bc4 29. b3 Ba6 30. h5 Be2 31. hxg6 fxg6 32. Nf4 Bb5 33. c4 dxc4 34.
bxc4 Bc6 35. Qd8 Qf7 36. Qc7 Qxc7 37. Nxe6+ Kf7 38. Nxc7 g5 39. f3 Ke7 40. Kf2
Kd7 41. Na6 Ke6 42. Nb4 Bb7 43. Ke3 Kxe5 44. Nd3+ Kd6 45. Kd4 Bc8 1/2-1/2

[Event "Frankfurt Ch 2012"]
[Site "Ffm-Kalbach, LAZ"]
[Date "2012.04.30"]
[Round "1.44"]
[White "Bergner, Matthias"]
[Black "Kolker, Vladislav"]
[Result "0-1"]
[WhiteElo "1514"]
[BlackElo "1870"]
[PlyCount "26"]
[EventDate "2012.??.??"]
[WhiteTeam "SF Hannover"]
[BlackTeam "Sfr.1891 Friedberg"]

1. d4 Nf6 2. e3 g6 3. f4 Bg7 4. Nf3 O-O 5. Bd3 d6 6. O-O Nbd7 7. b3 e5 8. fxe5
dxe5 9. dxe5 Ng4 10. Qe2 Ngxe5 11. Nxe5 Nxe5 12. Rd1 Bg4 13. Qd2 Bxd1 0-1

[Event "Frankfurt Ch 2012"]
[Site "Ffm-Kalbach, LAZ"]
[Date "2012.04.30"]
[Round "1.45"]
[White "Thomele, Michael"]
[Black "Heun, Andreas"]
[Result "1-0"]
[WhiteElo "1868"]
[BlackElo "1492"]
[PlyCount "129"]
[EventDate "2012.??.??"]
[WhiteTeam "SC 1959 Obernau"]
[BlackTeam "SC Ladja Roßdorf"]

1. e4 g6 2. Nc3 Bg7 3. d4 d6 4. Be3 Nf6 5. f3 O-O 6. Qd2 c6 7. h4 b5 8. Bh6 b4
9. Nce2 a5 10. Bxg7 Kxg7 11. h5 Rh8 12. h6+ Kf8 13. Nh3 Bxh3 14. Rxh3 Nbd7 15.
Qg5 a4 16. Nc1 Qb6 17. Qd2 Ra5 18. Nd3 Qxd4 19. Qxb4 Qe3+ 20. Kd1 Qa7 21. Qc3
a3 22. b3 Nc5 23. Nb4 Qc7 24. Nxc6 Ncxe4 25. fxe4 Rc5 26. Qd3 Qxc6 27. c4 Qxe4
28. Qxe4 Nxe4 29. Re3 f5 30. b4 Rc8 31. Rxa3 Kf7 32. b5 Rb8 33. Rb3 Nc5 34. Rb4
Na6 35. Rbb1 Nc5 36. a4 e5 37. a5 Ra8 38. a6 Rhb8 39. Kc2 Ke6 40. g3 Kd7 41.
Bg2 e4 42. Kc3 Kc7 43. Kd4 Kb6 44. g4 f4 45. Bxe4 Nxe4 46. Kxe4 Rf8 47. Kd5 Rf6
48. Re1 f3 49. Rf1 g5 50. Ra3 f2 51. Ra2 Rxh6 52. Rfxf2 Rh3 53. Rad2 Rd8 54.
Rf6 Rc3 55. Rd4 Kc7 56. Rf7+ Kb6 57. Rxh7 Rc8 58. Rb7+ Ka5 59. a7 Ra8 60. Rd1
Kb4 61. Rb1+ Ka3 62. b6 Ka2 63. Rb5 Rd3+ 64. Kc6 Rc3 65. Rb8 1-0

[Event "Frankfurt Ch 2012"]
[Site "Ffm-Kalbach, LAZ"]
[Date "2012.04.30"]
[Round "1.46"]
[White "Weber, Axel"]
[Black "Willems, Matthias"]
[Result "0-1"]
[WhiteElo "1490"]
[BlackElo "1862"]
[PlyCount "90"]
[EventDate "2012.??.??"]
[WhiteTeam "Sfr. Frankfurt 1921"]
[BlackTeam "SC Bad Nauheim"]

1. e4 d5 2. exd5 Qxd5 3. Nf3 Bg4 4. Nc3 Qa5 5. Be2 e6 6. d4 c6 7. O-O Nf6 8.
Bd2 Qc7 9. Re1 Nbd7 10. h3 Bh5 11. Bg5 Bb4 12. a3 Bxc3 13. bxc3 Ne4 14. Bd2 O-O
15. Ng5 Bxe2 16. Rxe2 Nxd2 17. Qxd2 h6 18. Nf3 Rfd8 19. Qe3 c5 20. Qd3 Rac8 21.
Rb1 b6 22. Qe3 Nf6 23. dxc5 Qxc5 24. Rb3 Nd5 25. Qxc5 Rxc5 26. Rd2 Rdc8 27. Nd4
Rxc3 28. Nb5 Rxb3 29. cxb3 Rc1+ 30. Kh2 a6 31. Nd6 a5 32. Rd3 Rc3 33. Rxc3 Nxc3
34. Nc4 Nd5 35. Kg3 Kf8 36. Kf3 Ke7 37. g4 f6 38. Ke4 g5 39. Kf3 Kd7 40. Kg3
Kc6 41. Nd2 Kc5 42. Nf3 Nc7 43. h4 Nb5 44. Nd2 Nd6 45. f3 Kd4 0-1

[Event "Frankfurt Ch 2012"]
[Site "Ffm-Kalbach, LAZ"]
[Date "2012.04.30"]
[Round "1.47"]
[White "Lebermann, Hellmuth"]
[Black "Lanz, Jürgen"]
[Result "1-0"]
[WhiteElo "1862"]
[BlackElo "1468"]
[PlyCount "43"]
[EventDate "2012.??.??"]
[WhiteTeam "SK Bad Homburg 1927"]
[BlackTeam "SC 1979 Hattersheim"]

1. e4 e5 2. d4 c5 3. dxe5 Nc6 4. Nf3 Nge7 5. Bf4 Ng6 6. Bg3 Be7 7. Nc3 O-O 8.
h4 Re8 9. h5 Nf8 10. Nd5 Ne6 11. c3 h6 12. Bd3 a6 13. Nh4 Nxe5 14. Nxe7+ Qxe7
15. Bxe5 d6 16. Bg3 Ng5 17. O-O Qf6 18. Re1 b5 19. f4 Ne6 20. Qf3 Bd7 21. Bc2
Rac8 22. Nf5 1-0

[Event "Frankfurt Ch 2012"]
[Site "Ffm-Kalbach, LAZ"]
[Date "2012.04.30"]
[Round "1.48"]
[White "Crnjac, Zdravko"]
[Black "Ottenburg, Ralph"]
[Result "0-1"]
[WhiteElo "1468"]
[BlackElo "1858"]
[PlyCount "81"]
[EventDate "2012.??.??"]
[WhiteTeam "SAbt TSG Nieder-Erlenbach 1888"]
[BlackTeam "Sfr. Frankfurt 1921"]

1. e4 c6 2. d4 d5 3. e5 Bf5 4. h4 h5 5. Be3 e6 6. Be2 Bg6 7. Nh3 Qb6 8. Qc1 c5
9. c3 Nc6 10. dxc5 Bxc5 11. Bxc5 Qxc5 12. Nf4 Nxe5 13. Nxg6 Nxg6 14. Qg5 Nf6
15. Nd2 Qd6 16. O-O-O Qf4 17. Bb5+ Ke7 18. f3 a6 19. Ba4 Qxa4 20. Qe3 Rhc8 21.
Kb1 Kf8 22. Nb3 Qf4 23. Qb6 Qc7 24. Qe3 b5 25. g4 Qf4 26. Qxf4 Nxf4 27. g5 Nd7
28. Nd4 Nc5 29. Rhg1 g6 30. Rd2 e5 31. Nc2 e4 32. fxe4 dxe4 33. Rf1 Rd8 34.
Rdf2 Nce6 35. Ne3 Rd7 36. Kc2 Rad8 37. a3 a5 38. Rxf4 Nxf4 39. Rxf4 Rd2+ 40.
Kb1 Re2 41. c4 0-1

[Event "Frankfurt Ch 2012"]
[Site "Ffm-Kalbach, LAZ"]
[Date "2012.04.30"]
[Round "1.49"]
[White "Krüger, Till"]
[Black "Möller, Wolfgang"]
[Result "1-0"]
[WhiteElo "1857"]
[BlackElo "1452"]
[PlyCount "45"]
[EventDate "2012.??.??"]
[WhiteTeam "SC Nidderau"]
[BlackTeam "SF Vonkeln 1931"]

1. e4 e5 2. Bc4 Bc5 3. Nf3 Nc6 4. c3 Nf6 5. d3 a6 6. Bb3 d6 7. h3 Bd7 8. O-O h6
9. Qe2 O-O 10. Re1 Re8 11. Nbd2 Bb6 12. Nc4 Ba7 13. Ne3 Ne7 14. Nh4 c6 15. Qf3
Be6 16. Ng4 Nxg4 17. hxg4 g5 18. Bxe6 fxe6 19. Qf6 Kh7 20. Qxe6 Qb6 21. Be3
Qxb2 22. Bxa7 Rxa7 23. Qf7+ 1-0

[Event "Frankfurt Ch 2012"]
[Site "Ffm-Kalbach, LAZ"]
[Date "2012.04.30"]
[Round "1.50"]
[White "Kirschner, Matthias"]
[Black "Goldt, Rainer"]
[Result "0-1"]
[WhiteElo "1431"]
[BlackElo "1852"]
[PlyCount "90"]
[EventDate "2012.??.??"]
[WhiteTeam "SV 1997 Nauheim"]
[BlackTeam "Kreuznacher SV 1921 e.V."]

1. c4 e6 2. Nc3 Nf6 3. g3 d5 4. Bg2 Be7 5. b3 O-O 6. d3 c6 7. Qc2 Nbd7 8. Nf3
b6 9. O-O Bb7 10. a3 c5 11. Rb1 d4 12. Na2 a5 13. b4 axb4 14. axb4 Ra7 15. Bd2
e5 16. Rb2 e4 17. Ne1 Qa8 18. Nc1 Ne5 19. bxc5 bxc5 20. Ra2 Rxa2 21. Qxa2 Qxa2
22. Nxa2 exd3 23. Nxd3 Bxg2 24. Kxg2 Nxc4 25. Bg5 Ra8 26. Bxf6 Bxf6 27. Nac1
Nd2 28. Rd1 Ne4 29. Nb3 c4 30. Nbc5 Nc3 31. Rc1 cxd3 32. exd3 g6 33. Nd7 Bg5
34. Re1 Ra2 35. Ne5 Re2 36. Rxe2 Nxe2 37. Nd7 Nc1 38. f4 Be7 39. Ne5 f6 40. Nc6
Bc5 41. Kf3 Nxd3 42. Ke2 Nb4 43. Nd8 d3+ 44. Kd2 Bg1 45. Kc3 Bxh2 0-1

[Event "Frankfurt Ch 2012"]
[Site "Ffm-Kalbach, LAZ"]
[Date "2012.04.30"]
[Round "1.51"]
[White "Aßmann, Hendrik"]
[Black "Kirchmann, Gerhard"]
[Result "1-0"]
[WhiteElo "1850"]
[BlackElo "1428"]
[PlyCount "61"]
[EventDate "2012.??.??"]
[WhiteTeam "Sfr.Erbach"]
[BlackTeam "SC Groß-Umstadt"]

1. e4 c5 2. f4 e6 3. Nf3 Nc6 4. c3 b6 5. Na3 a6 6. Nc2 Bb7 7. d3 d6 8. Be2 Nf6
9. O-O Be7 10. Qe1 Qc7 11. Bd2 c4 12. Ncd4 cxd3 13. Bxd3 b5 14. Kh1 O-O 15. Rc1
Nd7 16. Bb1 e5 17. Nf5 Bf6 18. Qg3 Ne7 19. Nh6+ Kh8 20. Ng4 exf4 21. Bxf4 Nc5
22. Nxf6 gxf6 23. Bxd6 Nxe4 24. Bxe4 Qxd6 25. Qxd6 Nf5 26. Qxf6+ Ng7 27. Bxb7
Rae8 28. Rce1 Kg8 29. Rxe8 Nxe8 30. Qe7 Kh8 31. Qxf8# 1-0

[Event "Frankfurt Ch 2012"]
[Site "Ffm-Kalbach, LAZ"]
[Date "2012.04.30"]
[Round "1.52"]
[White "Reuter, Klaus"]
[Black "Ostermeier, Thorsten"]
[Result "0-1"]
[WhiteElo "1402"]
[BlackElo "1849"]
[PlyCount "134"]
[EventDate "2012.??.??"]
[WhiteTeam "SV Griesheim(DA)"]
[BlackTeam "Sfr. Frankfurt 1921"]

1. d4 d5 2. Nd2 Nf6 3. Ngf3 e6 4. c3 Nbd7 5. Qc2 Bd6 6. e4 e5 7. exd5 Nxd5 8.
Ne4 Qe7 9. Bd3 exd4 10. O-O N7f6 11. Nxd6+ Qxd6 12. Re1+ Be6 13. Nxd4 O-O-O 14.
Nb5 Qb6 15. a4 a5 16. h3 c6 17. Nd4 Nb4 18. cxb4 Qxd4 19. Bf5 axb4 20. Bxe6+
fxe6 21. Be3 Qd3 22. Qc5 Qd6 23. Qxd6 Rxd6 24. Bc5 Rd2 25. Rab1 Nd5 26. Rxe6
Kd7 27. Rd6+ Kc7 28. Re6 b6 29. Be3 Rc2 30. Re4 Ra8 31. b3 Rf8 32. Bd4 Rf7 33.
Rg4 g6 34. Rg3 c5 35. Be5+ Kc6 36. Rf1 Rf5 37. Bg7 Nf4 38. Re3 Rd5 39. Bh6 Ne2+
40. Kh2 Nd4 41. Bg7 Nf5 42. Re6+ Kd7 43. Rxb6 Kc7 44. Ra6 Kb7 45. Re6 Rd3 46.
g4 Nxg7 47. Re7+ Kc6 48. Rxg7 Rxb3 49. Rxh7 Ra3 50. Rg7 Rxa4 51. Rxg6+ Kb5 52.
h4 b3 53. h5 b2 54. Rg7 Kc4 55. Rb7 Kc3 56. Kg3 Rc1 57. Rxb2 Rxf1 58. Rb6 Rg1+
59. Kf3 Rgxg4 60. Rc6 Raf4+ 61. Ke3 c4 62. f3 Rh4 63. h6 Rf7 64. Rg6 Rh7 65. f4
R4xh6 66. Rg5 Rf6 67. Rg4 Rhf7 0-1

[Event "Frankfurt Ch 2012"]
[Site "Ffm-Kalbach, LAZ"]
[Date "2012.04.30"]
[Round "1.53"]
[White "Achelrod, Alexander"]
[Black "Stulken, Dietmar"]
[Result "1-0"]
[WhiteElo "1846"]
[BlackElo "1418"]
[PlyCount "77"]
[EventDate "2012.??.??"]
[WhiteTeam "Sfr. Heusenstamm"]
[BlackTeam "Sfr. Frankfurt 1921"]

1. d4 d5 2. Bf4 Nf6 3. e3 Bf5 4. Bd3 Bxd3 5. Qxd3 c6 6. Nf3 e6 7. Nbd2 Nbd7 8.
O-O Be7 9. h3 c5 10. b3 Qb6 11. c4 Bd6 12. Ne5 Qc7 13. Ndf3 Nxe5 14. dxe5 Bxe5
15. Bxe5 Qe7 16. cxd5 exd5 17. Bxf6 Qxf6 18. Qxd5 Qe7 19. Rac1 Rc8 20. Rfd1 O-O
21. Qd7 Qe4 22. Qd5 Qb4 23. Ne5 b6 24. Nc6 Qh4 25. Qd6 Ra8 26. Rc4 Qh5 27. Rg4
Kh8 28. e4 f6 29. Qe7 Rg8 30. Nd8 h6 31. Rd5 Qe8 32. Nf7+ Kh7 33. Rd7 Qxe7 34.
Rxe7 a6 35. Nd6 h5 36. Rg3 Kh6 37. Nf5+ Kh7 38. Nxg7 Kh8 39. Nxh5 1-0

[Event "Frankfurt Ch 2012"]
[Site "Ffm-Kalbach, LAZ"]
[Date "2012.04.30"]
[Round "1.54"]
[White "Lehmann, Gerit"]
[Black "Haftmann, Rainer"]
[Result "1/2-1/2"]
[WhiteElo "1407"]
[BlackElo "1845"]
[PlyCount "141"]
[EventDate "2012.??.??"]
[WhiteTeam "Sfr. Frankfurt 1921"]
[BlackTeam "SAbt SG 1945 Dietzenbach"]

1. d4 Nf6 2. Nf3 e6 3. c4 d5 4. cxd5 exd5 5. Bf4 Bb4+ 6. Nc3 c6 7. Qb3 Qa5 8.
Nd2 O-O 9. e3 Bf5 10. Be2 Nbd7 11. a3 Bxc3 12. bxc3 b5 13. Qb4 Qb6 14. O-O a5
15. Qb3 a4 16. Qb4 Qa5 17. h3 Qxb4 18. cxb4 Nb6 19. Rfc1 Nc4 20. Nxc4 bxc4 21.
f3 Rfe8 22. Kf2 h6 23. Bd1 Bd3 24. Bc2 Bxc2 25. Rxc2 g5 26. Bh2 Re6 27. Re1
Rae8 28. Rce2 Nd7 29. e4 Nf6 30. e5 Nd7 31. Bg3 f6 32. exf6 Rxe2+ 33. Rxe2
Rxe2+ 34. Kxe2 Nxf6 35. Be5 Nd7 36. Bc7 Kf7 37. Ke3 Kg6 38. g4 Nf8 39. f4 gxf4+
40. Bxf4 Ne6 41. h4 Nf8 42. Kf3 Nd7 43. Bd2 Nf6 44. Kf4 Ne4 45. Bc1 Kf6 46. Kf3
Kg6 47. Kf4 Nf2 48. Be3 Nd3+ 49. Kf3 Ne1+ 50. Ke2 Nc2 51. Kd2 Nxa3 52. Kc3 Nb5+
53. Kb2 Kg7 54. Bf4 Kg6 55. h5+ Kh7 56. Be3 a3+ 57. Ka2 c3 58. Kb3 Nd6 59. Kxc3
Nc4 60. Bc1 a2 61. Bb2 Ne3 62. Kb3 Nxg4 63. Kxa2 Nf6 64. Kb3 Nxh5 65. Bc1 Nf6
66. Ka4 h5 67. Ka5 Ng8 68. Kb6 Ne7 69. Bg5 Nf5 70. Kxc6 Nxd4+ 71. Kxd5 1/2-1/2